OPAC Home

ඉතිවුත්තක (Record no. 94407)

MARC details
000 -LEADER
fixed length control field 00580nam a2200181Ia 4500
003 - CONTROL NUMBER IDENTIFIER
control field LK-CoDNM
008 - FIXED-LENGTH DATA ELEMENTS--GENERAL INFORMATION
fixed length control field 010623t1928 xxu||||| |||| 00| 1 sin d
040 ## - CATALOGING SOURCE
Original cataloging agency LK-CoDNM
Modifying agency LK-CoDNM
Description conventions LK-CoDNM
041 ## - LANGUAGE CODE
Language code of text/sound track or separate title Sinhala; Sinhalese
080 ## - UNIVERSAL DECIMAL CLASSIFICATION NUMBER
Universal Decimal Classification number 8A H.7
942 ## - ADDED ENTRY ELEMENTS (KOHA)
Koha item type Books
100 ## - MAIN ENTRY--PERSONAL NAME
Personal name Dhammananda Thero , Morontuduwe
245 ## - TITLE STATEMENT
Title ඉතිවුත්තක
246 ## - VARYING FORM OF TITLE
Title proper/short title Iti Vuttaka of the Khuddaka Nikaaya,Suttapitaka : Bhadantacaiya Dammapala Thera's Paramatthadipani or the Commentary
260 ## - PUBLICATION, DISTRIBUTION, ETC. (IMPRINT)
Name of publisher, distributor, etc. The Tripitaka Publication
Place of publication, distribution, etc. Colombo
Date of publication, distribution, etc. 1928
300 ## - PHYSICAL DESCRIPTION
Other physical details xv,314, 25 cm
490 ## - SERIES STATEMENT
Volume/sequential designation Vol.XXIII
Holdings
Withdrawn status Lost status Damaged status Not for loan Collection code Permanent Location Current Location Date acquired Full call number Koha item type
        Monographs Library National Museum Colombo - Sri Lanka Library National Museum Colombo - Sri Lanka 2023-08-02 8A H.7 Books
Copyright © 2023 Department of National Museum, Colombo 07, Sri Lanka Funded by UNESCO IFAP UNESCO